| 000 | 00899nem a2200241 u 4500 | ||
|---|---|---|---|
| 005 | 20200104041742.0 | ||
| 008 | 160503b2005 C ||||| |b|| 00| 0 spa d | ||
| 040 |
_aCO-BoIAVH _cCO-BoIAVH |
||
| 041 | _aspa | ||
| 044 | _ack | ||
| 090 |
_aMC- _b0115 |
||
| 110 | 2 |
_aInstituto de Investigación de Recursos Biológicos Alexander von Humboldt. _9204 |
|
| 245 | 1 |
_aMapa de geología regional de la cuenca Cane- Iguaque _cUnidad de sistemas de información Geográfica UNISIG- IAvH _h[Material Cartografico] |
|
| 255 | _a1:00000 | ||
| 260 |
_aBogotá _bInstituto de Investigación de Recursos Biológicos Alexander von Humboldt. _c2005 |
||
| 300 |
_a16 mapas ; _b color _c44 x 30 cm |
||
| 650 | 0 | 4 |
_aHidrografía _95361 |
| 650 | 0 | 4 |
_aCarreteras _970499 |
| 650 | 0 | 4 |
_aGeografía _992259 |
| 710 | 1 |
_aCorpoboyacá _970501 |
|
| 710 | 1 |
_aParques nacionales naturales de Colombia _970502 |
|
| 942 |
_2z _cMapa |
||
| 999 |
_c18433 _d18433 |
||